000 01198cam a22002531i 4500
003 SA-RiAUC
005 20250829152711.0
008 250827s1980 le g 000r0cara c
040 _aSA-RiAUC
_bara
_cSA-RiAUC
_erda
082 0 4 _a239.8
_qSA-RiAUC
090 _a239.8
_bس ا م
100 1 _aالسامرائي، يونس الشيخ إبراهيم،
_d1934-1990
_eمؤلف.
245 1 0 _aحقائق عن آل البيت والصحابة /
_cتأليف يونس الشيخ إبراهيم السامرائي ؛ عنى بطبعه ومراجعته عبد الله إبراهيم الأنصاري.
264 1 _aبيروت :
_aبغداد :
_bالمكتبة العصرية ؛
_bوزارة الأوقاف والشؤون الدينية،
_c1980
300 _a87 صفحة ؛
_c24 سم
336 _aنص
_btxt
_2rdacontent
_3كتاب
337 _aبدون وسيط
_bn
_2rdamedia
338 _aمجلد
_bnc
_2rdacarrier
650 7 _aأهل بيت الرسول
_2aucsh
650 7 _aالصحابة والتابعون
_2aucsh
700 1 _aالأنصاري، عبد الله بن إبراهيم،
_d1333-1410 هجري
_eمراجع.
942 _2ddc
_cBOOK
_n0
949 _aSA-JeALM
_d250827
_umohamedma123
_n1
999 _c11287
_d11287